000 00442nam a2200169Ia 4500
008 221030s9999 xx 000 0 und d
020 _a8187433272
041 _aEnglish
082 _a105.23
_bCha
100 _aB. S. Chhabra
245 0 _aDigital Electronics & Microprocessors
_cby B. S. Chhabra, A. Chhabra
260 _bDhanpat Rai Pub
_aNew Delhi
_c1999
300 _a436
650 _aBE Computer
700 _aA. Chhabra
942 _cBK
999 _c1343
_d1343